000 00318nam a22001457a 4500
003 SGT
020 _a9788183284424
082 _a923.154
_bN15R
100 _aR.N.P SINGH
245 _aA TROUBLED LEGACY
260 _aINDIA
_bWISDOM TREE
_c2015
300 _a335
650 _aPRIME MINISTER OF INDIA
942 _2ddc
_cBK
999 _c25860
_d25860